000 00594nam a2200217Ia 4500
003 OSt
005 20220927105403.0
006 a|||||r|||| 00| 0
007 ta
008 220926b |||||||| |||| 00| 0 eng d
024 _a190248
037 _cReference Collections
040 _aRTL
_cRTL
_beng
041 _2eng
_aeng
082 _a"E.241s.N, Q0/GD"
245 0 _a"Gazetteer of Delhi, 1883-84."
260 _aNew
_bDelhi Aryan Books International
_c2010
300 _a"xii,215"
_ccm.
942 _h"E.241s.N, Q0/GD"
_cCC
999 _c692248
_d692248